书目信息 |
| 题名: |
了不起的盖茨比
|
|
| 作者: | 菲茨杰拉德 , Fitzgeald , 斯科特·菲茨杰拉德 著 ;许洪珍 翻译 | |
| 分册: | ||
| 出版信息: | 北京 航空工业出版社 2004.5 |
|
| 页数: | 213页 | |
| 开本: | 19cm | |
| 丛书名: | 床头灯英语学习读本 | |
| 单 册: | ||
| 中图分类: | H310.42 , H319.4:I712 | |
| 科图分类: | ||
| 主题词: | 英语--高等学校--水平考试--自学参考资料 | |
| 电子资源: | ||
| ISBN: | 7-80183-349-X | |
| 000 | 01235nam2 2200337 45 | |
| 001 | 012004000000 | |
| 005 | 20041130101847.82 | |
| 010 | @a7-80183-349-X@dCNY 10.00 | |
| 100 | @a20040910e20042004em y0chiy0121 ea | |
| 101 | 2 | @achi@ceng@aeng |
| 102 | @aCN@b110000 | |
| 105 | @aa z 000yy | |
| 200 | 1 | @a了不起的盖茨比@Aliao bu qi de gai ci bi@dThe great gatsby@e英汉对照@f(美)斯科特·菲茨杰拉德(F. Scott Fitzgeald)著@F(mei)si ke te·fei ci jie la de(F.Scott Fitzgeald)zhu@g许洪珍翻译@zeng |
| 210 | @a北京@c航空工业出版社@d2004.5@h2004.7重印 | |
| 215 | @a213页@c图@d19cm | |
| 225 | 2 | @a床头灯英语学习读本@dRedtime reading@hⅠ@zeng |
| 225 | 2 | @a10元丛书 |
| 300 | @a本书另配磁带 | |
| 410 | 0 | @12001 @a床头灯英语学习读本 |
| 410 | 0 | @12001 @a10元丛书 |
| 510 | 1 | @aThe great gatsby@zeng |
| 510 | 1 | @aRedtime reading@zeng |
| 606 | 0 | @a英语@x高等学校@x水平考试@j自学参考资料 |
| 690 | @aH310.42@v4 | |
| 690 | @aH319.4:I712@v3 | |
| 701 | 1 | @a菲茨杰拉德@Afei ci jie la de@bF·斯科特@4著 |
| 701 | A1 | @aFitzgeald@bF. Scott@4著 |
| 701 | 0 | @a斯科特·菲茨杰拉德@Asi ke te·fei ci jie la de@bF.ScottFitzgeald@4著 |
| 702 | 0 | @a许洪珍@Axu hong zhen@4翻译 |
| 801 | 0 | @aCN@bQSSKt@c20041130 |
| 905 | @a10447@dH319.4:I712@eS709 | |
| 了不起的盖茨比=The great gatsby:英汉对照/(美)斯科特·菲茨杰拉德(F. Scott Fitzgeald)著/许洪珍翻译.-北京:航空工业出版社,2004.5(2004.7重印) |
| 213页:图;19cm.-(床头灯英语学习读本=Redtime reading.Ⅰ).-(10元丛书) |
| 本书另配磁带 |
| ISBN 7-80183-349-X:CNY 10.00 |
| ● |
| 相关链接 |
|
|
|
正题名:了不起的盖茨比
索取号:H319.4:I712/S709
 
预约/预借
| 序号 | 登录号 | 条形码 | 馆藏地/架位号 | 状态 | 备注 |
| 1 | 428002 | 204280027 | 语言库209/209语言库 56排3列3层/ [索取号:H319.4:I712/S709] | 在馆 | |
| 2 | 428003 | 204280036 | 语言库209/209语言库 56排3列3层/ [索取号:H319.4:I712/S709] | 在馆 | |
| 3 | 428004 | 204280045 | 语言库209/209语言库 56排3列3层/ [索取号:H319.4:I712/S709] | 在馆 | |
| 4 | 428005 | 204280054 | 语言库209/209语言库 56排3列3层/ [索取号:H319.4:I712/S709] | 在馆 |